| Tag |
First Indicator |
Second Indicator |
Subfields |
| LEADER |
00000cas a2200000 a 4500 |
| 001 |
in00000046690 |
| 005 |
20151007073342.0 |
| 008 |
810813d19391975pauuu 0 a0eng d |
| 010 |
|
|
|a 86642857
|
| 019 |
|
|
|a 08684570
|
| 035 |
|
|
|a (OCoLC)07665403
|
| 035 |
|
|
|9 AAE9567AM
|
| 040 |
|
|
|a AZS
|c AZS
|d OCL
|d NYG
|d DLC
|d OCL
|d m/c
|d DLC
|d OCL
|d NST
|d IUL
|d UtOrBLW
|
| 042 |
|
|
|a lc
|
| 049 |
|
|
|a TXAE
|
| 050 |
0 |
0 |
|a TX551
|b .B64
|
| 245 |
0 |
0 |
|a Food values of portions commonly used.
|
| 264 |
|
1 |
|a [Place of publication not identified] :
|b [publisher not identified],
|c [-[1975]
|
| 264 |
|
4 |
|c [©1975]
|
| 300 |
|
|
|a 11 volumes ;
|c 28 cm.
|
| 336 |
|
|
|a text
|b txt
|2 rdacontent
|
| 337 |
|
|
|a unmediated
|b n
|2 rdamedia
|
| 338 |
|
|
|a volume
|b nc
|2 rdacarrier
|
| 362 |
0 |
|
|a 2nd. ed. (1939)-12th ed.
|
| 500 |
|
|
|a Description based on: 7th edition.
|
| 500 |
|
|
|a Tenth edition-12th edition published: Philadelphia : J. B. Lippincott Company, c1966-1975.
|
| 504 |
|
|
|a Includes bibliographies.
|
| 650 |
|
0 |
|a Food
|x Composition
|v Tables.
|
| 650 |
|
0 |
|a Nutrition
|v Tables.
|
| 780 |
0 |
0 |
|t Food values of portions commonly served
|w (DLC) 40007159
|w (OCoLC)13879017
|
| 785 |
0 |
0 |
|t Bowes and Church's food values of portions commonly used
|w (DLC) 86642862
|w (OCoLC)8684574
|
| 948 |
|
|
|a t1
|
| 999 |
|
|
|a MARS
|
| 999 |
f |
f |
|s 07974cce-2711-3ba0-8e94-51530d0a4284
|i 5f6220fb-4f9b-3657-9e88-b4cf52361ac2
|t 0
|
| 952 |
f |
f |
|p ric
|a Texas A&M University
|b Rellis Campus
|c Joint Library Facility
|d Remote Storage
|t 0
|e TX551 .B64
|h Library of Congress classification
|i unmediated -- volume
|k 11th ed.
|m A14812248522
|
| 952 |
f |
f |
|p ric
|a Texas A&M University
|b Rellis Campus
|c Joint Library Facility
|d Remote Storage
|t 0
|e TX551 .B64
|h Library of Congress classification
|i unmediated -- volume
|k 12th ed.
|m A14807761468
|
| 952 |
f |
f |
|p ric
|a Texas A&M University
|b Rellis Campus
|c Joint Library Facility
|d Remote Storage
|t 0
|e TX551 .B64
|h Library of Congress classification
|i unmediated -- volume
|k 7th ed.
|m A14809264909
|
| 952 |
f |
f |
|p ric
|a Texas A&M University
|b Rellis Campus
|c Joint Library Facility
|d Remote Storage
|t 0
|e TX551 .B64
|h Library of Congress classification
|i unmediated -- volume
|k 10th ed.
|m A14809264404
|
| 998 |
f |
f |
|a TX551 .B64
|s 7th,10th-12th ed. (1951,1966-1975)
|t 0
|l Remote Storage
|